Personnages principaux de Peaky Blinders (spoilers) - Statistiques

Statistiques générales
  • Ce quiz a été pris 1 180 fois
  • Le résultat moyen est 12 sur 25
Statistiques - réponses
Indice Personnages % Correct
Personnage Principal Thomas Shelby
100%
Ainé Shelby Arthur Shelby
98%
Troisième frère Shelby John Shelby
89%
Tante des Shelby Polly Gray
84%
Sœur Shelby Ada Thorne
80%
Fils de ^ Michael Gray
70%
Plus jeune frère Shelby Finn Shelby
69%
Mère de ^ Grace Shelby
60%
Mère de Ruby Lizzie Shelby
50%
Gangster juif Alfie Solomons
47%
Oncle des Shelby Charlie Strong
43%
Fils du personnage principal Charles Shelby
42%
Anciennement Lee Esme Shelby
42%
Homme politique majeur Winston Churchill
40%
Politicien fasciste Oswald Mosley
34%
Antagoniste des saisons 1 et 2 Inspecteur Campbell
33%
Meilleur ami du personnage principal Johnny Dogs
28%
Tueur à gage et père de Bonnie Aberama Gold
27%
Jamaïcain vétéran de la Première Guerre Jeremiah Jesus
26%
Fils d'un communiste et d'une Shelby Karl Thorne
26%
"Best horseman in England" Curly
24%
Gray Américaine Gina Gray
23%
Policier corrompu Sergent Moss
23%
Militante socialiste Jessie Eden
15%
Fils de ^ Isiah Jesus
11%
Aucun quiz correspondant
Distribution des résultats
% des personnes avec chaque résultat
Percentile par nombre de réponses
Votre historique - résultats
Vous n’avez pas pris ce quiz